• 首页
  • 本馆介绍
  • 公告通知
  • 最新文献
  • 馆藏检索
  • 电子资源
  • 读者导购
  • 参考咨询
  • 我的图书馆
  • 登录
  • 详细信息显示
  • 放入我的书架
  • 预约/预借图书
  • 作者相关作品
  • 分类相关作品
  • 丛书相关作品
  • 出版社相关作品

书目信息

  • 表格格式
  • 工作单格式
  • 卡片格式
题名:
琵琶自学入门图解
    
 
作者: 蔡瑾 编著
分册:  
出版信息: 北京   蓝天出版社  2002.05
页数: 157页
开本: 26cm
丛书名: 音乐名师教学丛书
单 册:
中图分类: J632.33-64
科图分类:
主题词: 民族器乐--理论 , 民族乐器--奏法
电子资源:
ISBN: 7-80158-120-2
000 00702nam0 2200241 450
001 0870681434
005 20080108193846.62
010    @a7-80158-120-2@dCNY18.00
100    @a20080108d2002 km y0chiy0120 ea
101 0  @achi
102    @aCN@b110000
200 1  @a琵琶自学入门图解@Api pa zi xue ru men tu jie@f蔡瑾编著@Fcai jin bian zhu
210    @a北京@c蓝天出版社@d2002.05
215    @a157页@d26cm
225 2  @a音乐名师教学丛书
410  0 @12001 @a音乐名师教学丛书
606 0  @a民族器乐@x理论
606 0  @a民族乐器@x奏法
690    @aJ632.33-64@v4
701  0 @a蔡瑾@Acai jin@4编著
801  0 @aCN@b大连网信软件有限公司图书馆@c20080108
905    @aBZT@dJ632.33-64@e1
906    @dCNY18.00@n0@r1
    
    琵琶自学入门图解/蔡瑾编著.-北京:蓝天出版社,2002.05
    157页;26cm.-(音乐名师教学丛书)
    
    
    ISBN 7-80158-120-2:CNY18.00
    
●
相关链接 在五车中查询图书 在当当中查询图书 在豆瓣中查询图书


正题名:琵琶自学入门图解     索取号:J632.33-64/1         预约/预借

序号 登录号 条形码 馆藏地/架位号 状态 备注
1 620330   2000620330   中心书库中库/ 中库020架B面5列5层74/ [索取号:J632.33-64/1] 在馆    
2 620331   2000620331   中心书库中库/ 中库020架B面5列5层71/ [索取号:J632.33-64/1] 在馆    
3 620332   2000620332   中心书库中库/ 中库020架B面5列5层70/ [索取号:J632.33-64/1] 在馆    
4 620333   2000620333   中心书库中库/ 中库020架B面5列5层73/ [索取号:J632.33-64/1] 在馆    
5 620334   2000620334   中心书库中库/ 中库020架B面5列5层72/ [索取号:J632.33-64/1] 在馆    
山东省滨州职业学院图书馆 欢迎您!
大连网信软件有限公司© 版权所有